00556nam a22001697a 4500008004100000040001500041050002400056100002300080245011800103260004600221300001400267500002700281650001800308650002600326700001800352700001600370250307b |||||||| |||| 00| 0 eng d aKABUcKABU aThe G155b.W33 2019 aWacira, Ann Wambui aDeveloping a tourism model for performance by public destination marketing agencies in Kenya /cAnn Wambui Wacira aNakuru, Kenya:bKabarak University,c2019 axx, 202p. aUnpublished PHD Thesis aTourism model aDestination Marketing aMwaura, Peter aTanui, John